|
|
|
|
| LEADER |
00000nam0a2200000 4500 |
| 001 |
229114 |
| 005 |
20250530130129.0 |
| 035 |
|
|
|a (RuTPU)RU\TPU\book\249663
|
| 090 |
|
|
|a 229114
|
| 100 |
|
|
|a 20121226d2012 m y0rusy50 ca
|
| 101 |
0 |
|
|a rus
|
| 102 |
|
|
|a RU
|
| 105 |
|
|
|a a j 001zy
|
| 200 |
1 |
|
|a Всеобщее управление качеством. Ч. 1: Принципы и содержание концепции TQM
|e учебное пособие
|f Л. А. Редько, В. В. Редько, И. В. Плотникова
|g Национальный исследовательский Томский политехнический университет (ТПУ)
|
| 210 |
|
|
|a Томск
|c Изд-во ТПУ
|d 2012
|
| 215 |
|
|
|a 196 с.
|c ил.
|
| 320 |
|
|
|a Библиогр.: с. 188-190.
|
| 330 |
|
|
|a В пособии изложены основы всеобщего управления качеством. Рассмотрены такие вопросы, как: эволюция подходов к управлению качеством, принципы концепции всеобщего управления качеством, современные модели систем управления качеством, совершенствование деятельности организации, экономика качества. Предназначено для студентов, обучающихся по направлению 221400 «Управление качеством».
|
| 606 |
1 |
|
|a Качество продукции
|x Управление
|2 stltpush
|3 (RuTPU)RU\TPU\subj\14180
|9 40640
|
| 610 |
1 |
|
|a TQM
|
| 610 |
1 |
|
|a всеобщее управление качеством
|
| 610 |
1 |
|
|a подходы
|
| 610 |
1 |
|
|a эволюция
|
| 610 |
1 |
|
|a концепции
|
| 610 |
1 |
|
|a учебные пособия
|
| 610 |
1 |
|
|a труды учёных ТПУ
|
| 675 |
|
|
|a 658.562(075.8)
|v 3
|
| 700 |
|
1 |
|a Редько
|b Л. А.
|c специалист в области качества
|c доцент Томского политехнического университета, кандидат технических наук
|f 1978-
|g Людмила Анатольевна
|9 11796
|
| 701 |
|
1 |
|a Редько
|b В. В.
|c специалист в области неразрушающего контроля
|c доцент Томского политехнического университета, кандидат технических наук
|f 1974-
|g Виталий Владимирович
|9 12119
|
| 701 |
|
1 |
|a Плотникова
|b И. В.
|c специалист в области качества
|c доцент Томского политехнического университета, кандидат технических наук
|f 1965-
|g Инна Васильевна
|9 14169
|
| 712 |
0 |
2 |
|a Национальный исследовательский Томский политехнический университет
|c (2009- )
|9 26305
|
| 801 |
|
1 |
|a RU
|b 63413507
|c 20121226
|
| 801 |
|
2 |
|a RU
|b 63413507
|c 20141112
|g RCR
|
| 850 |
|
|
|a 63413507
|
| 942 |
|
|
|c BK
|